[Event "SRB-chT 2nd League"]
[Site "Vrnjacka Banja"]
[Date "2022.11.06"]
[Round "3.1"]
[White "Azaric, Slavko"]
[Black "Bulajic, Ratko"]
[Result "1/2-1/2"]
[WhiteElo "2129"]
[BlackElo "2033"]
[PlyCount "175"]
[EventDate "2022.11.04"]
[EventType "team-tourn"]
[EventRounds "11"]
[EventCountry "SRB"]
[SourceTitle "CBM 211 Extra"]
[Source "ChessBase"]
[SourceDate "2023.01.31"]
[SourceVersion "1"]
[SourceVersionDate "2023.01.31"]
[SourceQuality "1"]
[WhiteTeam "Dec"]
[BlackTeam "Sombor"]
[WhiteTeamCountry "SRB"]
[BlackTeamCountry "SRB"]

1. e4 c5 2. Nc3 a6 3. g3 b5 4. Bg2 Bb7 5. Nge2 e6 6. 0-0 Nc6 7. d4 cxd4 8. Nxd4 d6 9. Nxc6 Bxc6 10. Re1 Be7 11. Qg4 g6 12. a3 Qc7 13. h4 h5 14. Qe2 Rc8 15. Bf4 e5 16. Be3 Nf6 17. Bh3 Nxe4 18. Nxe4 Bxe4 19. Bxc8 Qxc8 20. Bg5 Bb7 21. Kh2 Bxg5 22. hxg5 Qf5 23. Qe3 h4 24. g4 Qxg4 25. Rg1 Qf5 26. Rad1 0-0 27. Rxd6 Qxc2 28. Qd2 Qc8 29. Qe3 Re8 30. Qb6 Be4 31. f3 Bf5 32. Qc6 Qxc6 33. Rxc6 e4 34. fxe4 Rxe4 35. Rg2 h3 36. Rf2 Rg4 37. Rxf5 gxf5 38. Kxh3 Rxg5 39. Rxa6 f4 40. Rf6 Rg3+ 41. Kh4 Rb3 42. Rxf4 Rxb2 43. Rf6 Rc2 44. Rf5 Rb2 45. Rf6 Kg7 46. Rb6 Rb3 47. Kg5 Rg3+ 48. Kf4 Rxa3 49. Rxb5 f6 50. Kf5 Rf3+ 51. Kg4 Rf1 52. Kg3 Kg6 53. Kg4 Rg1+ 54. Kf4 Ra1 55. Rb4 Rh1 56. Rb5 Rh4+ 57. Kg3 Re4 58. Kf3 Ra4 59. Rc5 f5 60. Rc8 Rh4 61. Rg8+ Kf7 62. Ra8 Kf6 63. Rf8+ Ke6 64. Re8+ Kd6 65. Rf8 Ke6 66. Re8+ Kf7 67. Ra8 Rb4 68. Ra6 Re4 69. Rb6 Ra4 70. Rc6 Ke7 71. Rb6 Re4 72. Ra6 Re6 73. Rxe6+ Kxe6 74. Kf4 Kf6 75. Kf3 Ke5 76. Ke3 f4+ 77. Kf3 Kf5 78. Kf2 Kg4 79. Kg2 f3+ 80. Kf2 Kf4 81. Kf1 Kg5 82. Kf2 Kf4 83. Kf1 Ke3 84. Ke1 Kf4 85. Kf2 Kg4 86. Kf1 Kg3 87. Kg1 f2+ 88. Kf1 1/2-1/2

[Event "Novi Sad TS Mix 236th"]
[Site "Novi Sad"]
[Date "2022.02.10"]
[Round "4.1"]
[White "Cansu, Batuhan"]
[Black "Bulajic, Ratko"]
[Result "1-0"]
[WhiteElo "2009"]
[BlackElo "2147"]
[PlyCount "67"]
[EventDate "2022.02.08"]
[EventType "schev"]
[EventRounds "9"]
[EventCountry "SRB"]
[SourceTitle "CBM 207 Extra"]
[Source "ChessBase"]
[SourceDate "2022.05.31"]
[SourceVersion "1"]
[SourceVersionDate "2022.05.31"]
[SourceQuality "1"]
[WhiteTeam "Team B"]
[BlackTeam "Team A"]
[WhiteTeamCountry "SRB"]
[BlackTeamCountry "SRB"]

1. d4 Nf6 2. Nf3 d6 3. g3 g6 4. Bg2 Bg7 5. 0-0 0-0 6. b3 e5 7. dxe5 dxe5 8. Ba3 Re8 9. Qxd8 Rxd8 10. Nc3 Nc6 11. Rad1 Bf5 12. Nh4 Bxc2 13. Rc1 Bf5 14. Nxf5 gxf5 15. Bxc6 bxc6 16. Nb1 Nd5 17. Rxc6 e4 18. Kg2 a5 19. Bc5 a4 20. b4 a3 21. b5 Bb2 22. Ra6 Rxa6 23. bxa6 Ra8 24. Rd1 Nb6 25. Nxa3 Bxa3 26. Bxa3 Rxa6 27. Bb2 f6 28. Bxf6 Rxa2 29. Rc1 Nd5 30. Be5 Rxe2 31. Kf1 Ra2 32. Rc5 Rd2 33. Ke1 Ra2 34. Rxd5 1-0

[Event "Novi Sad TS Mix 236th"]
[Site "Novi Sad"]
[Date "2022.02.08"]
[Round "1.1"]
[White "Bulajic, Ratko"]
[Black "Harisurya, Bharadwaj Gundepudi"]
[Result "1-0"]
[WhiteElo "2147"]
[BlackElo "1882"]
[PlyCount "73"]
[EventDate "2022.02.08"]
[EventType "schev"]
[EventRounds "9"]
[EventCountry "SRB"]
[SourceTitle "CBM 207 Extra"]
[Source "ChessBase"]
[SourceDate "2022.05.31"]
[SourceVersion "1"]
[SourceVersionDate "2022.05.31"]
[SourceQuality "1"]
[WhiteTeam "Team A"]
[BlackTeam "Team B"]
[WhiteTeamCountry "SRB"]
[BlackTeamCountry "SRB"]

1. d4 d5 2. c4 c6 3. Nf3 Nf6 4. Nc3 a6 5. Qd3 dxc4 6. Qxc4 Bf5 7. Qb3 b5 8. g3 Nbd7 9. Bg2 Rc8 10. a4 e6 11. axb5 axb5 12. 0-0 Qb6 13. Re1 Be7 14. e4 Bg4 15. d5 Nc5 16. Qa2 b4 17. Na4 Nxa4 18. Qxa4 0-0 19. Be3 c5 20. Ne5 exd5 21. exd5 Bd6 22. Nc4 Qd8 23. Qa6 Bb8 24. d6 Be6 25. Nb6 Qxd6 26. Nxc8 Rxc8 27. Red1 Qxa6 28. Rxa6 Bb3 29. Rd2 c4 30. Ra8 c3 31. bxc3 bxc3 32. Rd3 Be6 33. Bb7 Re8 34. Rxc3 h6 35. Bb6 Nd5 36. Rb3 Bh3 37. Rxb8 1-0

[Event "Novi Sad TS Mix 223rd"]
[Site "Novi Sad"]
[Date "2021.11.21"]
[Round "9"]
[White "Joshua, AP."]
[Black "Bulajic, Ratko"]
[Result "0-1"]
[WhiteElo "2074"]
[BlackElo "2229"]
[PlyCount "188"]
[EventDate "2021.11.16"]
[EventType "swiss"]
[EventRounds "9"]
[EventCountry "SRB"]
[SourceTitle "CBM 205 Extra"]
[Source "ChessBase"]
[SourceDate "2022.01.31"]
[SourceVersion "1"]
[SourceVersionDate "2022.01.31"]
[SourceQuality "1"]

1. Nf3 d6 2. d4 Nf6 3. g3 g6 4. b3 Bg7 5. Bb2 0-0 6. Bg2 e5 7. dxe5 Nfd7 8. 0-0 dxe5 9. Qc1 e4 10. Nd4 Re8 11. Rd1 f5 12. Nc3 c6 13. f3 b5 14. fxe4 Qb6 15. e3 Nf6 16. h3 Bh6 17. Re1 fxe4 18. Qd2 Nbd7 19. Ndxb5 cxb5 20. Nd5 Qc6 21. c4 bxc4 22. bxc4 Bg7 23. Rf1 Bb7 24. Rab1 Rab8 25. Qf2 Re6 26. Bd4 Rf8 27. Qb2 Ba8 28. Rfc1 Rb8 29. Nb4 Qa4 30. Qc3 a5 31. Nd3 Rxb1 32. Rxb1 exd3 33. Bxa8 Qc2 34. Qxc2 dxc2 35. Rc1 Re8 36. Bc6 Rc8 37. Ba4 Nc5 38. Bxc2 Nfe4 39. g4 Rd8 40. Bxe4 Nxe4 41. c5 Bxd4 42. exd4 Rxd4 43. c6 Rd8 44. Rc4 Ng5 45. Kg2 Rc8 46. Rc5 Ne6 47. Rxa5 Rxc6 48. Ra7 g5 49. Kf3 Rc4 50. a4 Rf4+ 51. Ke3 Rb4 52. a5 Nf4 53. a6 Ra4 54. Kd2 Ne6 55. Ra8+ Kg7 56. Kc3 h6 57. Kb2 Kf6 58. Kc3 Nc7 59. Rc8 Nxa6 60. Rc6+ Kg7 61. Kb3 Ra1 62. Kb2 Ra5 63. Kb3 Nb8 64. Rc7+ Kg6 65. Kc2 Rd5 66. Kc3 Nd7 67. Rc6+ Nf6 68. Kc4 Rd1 69. Ra6 Rd7 70. Kc3 Kg7 71. Kc2 Nd5 72. Ra4 Ne3+ 73. Kc3 Ng2 74. Kc2 Rf7 75. Kd2 Rf2+ 76. Kd1 Rf3 77. Ra7+ Kg8 78. Ra8+ Kf7 79. Ra7+ Ke8 80. Ra8+ Kd7 81. Ra7+ Kc8 82. h4 Nxh4 83. Ra6 Rf4 84. Rxh6 Rxg4 85. Rh7 Re4 86. Kd2 Re5 87. Kd3 Kd8 88. Kd2 Ke8 89. Kd3 Kf8 90. Ra7 Re7 91. Ra5 g4 92. Ra4 Rg7 93. Ke2 g3 94. Rf4+ Kg8 0-1

[Event "Novi Sad TS Mix 220th"]
[Site "Novi Sad"]
[Date "2021.11.09"]
[Round "10"]
[White "Bulajic, Ratko"]
[Black "Audi, Ameya"]
[Result "0-1"]
[WhiteElo "2229"]
[BlackElo "2378"]
[PlyCount "32"]
[EventDate "2021.11.02"]
[EventType "swiss"]
[EventRounds "10"]
[EventCountry "SRB"]
[SourceTitle "CBM 205 Extra"]
[Source "ChessBase"]
[SourceDate "2022.01.31"]
[SourceVersion "1"]
[SourceVersionDate "2022.01.31"]
[SourceQuality "1"]

1. d4 Nf6 2. c4 g6 3. Nc3 Bg7 4. Nf3 0-0 5. g3 d6 6. Bg2 Nc6 7. 0-0 a6 8. h3 Bd7 9. b3 e5 10. d5 Nd4 11. e4 c5 12. dxc6 bxc6 13. c5 Nxf3+ 14. Bxf3 d5 15. Bg5 d4 16. Na4 Be6 0-1

[Event "Novi Sad TS Mix 220th"]
[Site "Novi Sad"]
[Date "2021.11.04"]
[Round "3"]
[White "Bulajic, Ratko"]
[Black "Asylov, Miras"]
[Result "1/2-1/2"]
[WhiteElo "2229"]
[BlackElo "2070"]
[PlyCount "102"]
[EventDate "2021.11.02"]
[EventType "swiss"]
[EventRounds "10"]
[EventCountry "SRB"]
[SourceTitle "CBM 205 Extra"]
[Source "ChessBase"]
[SourceDate "2022.01.31"]
[SourceVersion "1"]
[SourceVersionDate "2022.01.31"]
[SourceQuality "1"]

1. d4 Nf6 2. c4 g6 3. Nc3 Bg7 4. Nf3 0-0 5. g3 d6 6. Bg2 Nc6 7. 0-0 e5 8. d5 Nb8 9. Ne1 a5 10. e4 Na6 11. f4 exf4 12. gxf4 Re8 13. Nd3 Ng4 14. Qf3 f5 15. h3 fxe4 16. Nxe4 Nh6 17. Bd2 Nf5 18. Bc3 Nh4 19. Qg3 Nxg2 20. Qxg2 Bf5 21. Ndf2 Bxc3 22. bxc3 Qh4 23. Rae1 Kg7 24. Qg5 Qxg5+ 25. fxg5 h6 26. gxh6+ Kxh6 27. Ng4+ Kg7 28. Nef6 Rxe1 29. Rxe1 Bxg4 30. Nxg4 Rf8 31. Re7+ Rf7 32. Rxf7+ Kxf7 33. Kf2 Nc5 34. Ke3 g5 35. Nh2 Kg6 36. Nf3 Kh5 37. Nd4 g4 38. hxg4+ Kxg4 39. Nb5 Na6 40. c5 dxc5 41. Ke4 Kg5 42. d6 cxd6 43. Nxd6 b6 44. Kd5 Nb8 45. a4 Kf4 46. Nc4 Nd7 47. Kc6 Nf6 48. Nxb6 Ne4 49. c4 Ke5 50. Kb5 Kd4 51. Nd7 Nc3+ 1/2-1/2

[Event "Vojvodina-chT 21st"]
[Site "Backa Palanka"]
[Date "2021.10.30"]
[Round "11.2"]
[White "Kostic, Filip"]
[Black "Bulajic, Ratko"]
[Result "1/2-1/2"]
[WhiteElo "2191"]
[BlackElo "2229"]
[PlyCount "53"]
[EventDate "2021.10.23"]
[EventType "team-tourn"]
[EventRounds "11"]
[EventCountry "SRB"]
[SourceTitle "EXT 2023"]
[Source "ChessBase"]
[SourceDate "2022.10.05"]
[SourceVersion "1"]
[SourceVersionDate "2022.10.05"]
[SourceQuality "1"]
[WhiteTeam "Backa Palanka"]
[BlackTeam "Sombor"]
[WhiteTeamCountry "SRB"]
[BlackTeamCountry "SRB"]

1. d4 Nf6 2. c4 g6 3. Nc3 Bg7 4. e4 d6 5. h3 0-0 6. Bg5 h6 7. Be3 e5 8. d5 Na6 9. Bd3 Nh5 10. g3 Qe8 11. Be2 Nf6 12. Nf3 Nc5 13. Nd2 a5 14. Qc2 Nh7 15. g4 f5 16. gxf5 gxf5 17. 0-0-0 b6 18. Rdg1 f4 19. Bxc5 bxc5 20. Bg4 Kh8 21. Nb5 Qf7 22. a4 Bxg4 23. hxg4 Ng5 24. f3 Kh7 25. Rf1 Kg6 26. Qc3 Ra6 27. Rh5 1/2-1/2

[Event "Vojvodina-chT 21st"]
[Site "Backa Palanka"]
[Date "2021.10.24"]
[Round "3.2"]
[White "Bulajic, Ratko"]
[Black "Gagic, Milan A"]
[Result "0-1"]
[WhiteElo "2229"]
[BlackElo "2225"]
[PlyCount "65"]
[EventDate "2021.10.23"]
[EventType "team-tourn"]
[EventRounds "11"]
[EventCountry "SRB"]
[SourceTitle "CBM 204 Extra"]
[Source "ChessBase"]
[SourceDate "2021.11.30"]
[SourceVersion "1"]
[SourceVersionDate "2021.11.30"]
[SourceQuality "1"]
[WhiteTeam "Sombor"]
[BlackTeam "Petrovaradin Kraljica"]
[WhiteTeamCountry "SRB"]
[BlackTeamCountry "SRB"]

1. d4 Nf6 2. c4 e6 3. Nf3 Bb4+ 4. Nbd2 d5 5. Qc2 0-0 6. a3 Bxd2+ 7. Bxd2 dxc4 8. Qxc4 b6 9. Rc1 Ba6 10. Qxc7 Qd5 11. Qc2 h6 12. g3 Nbd7 13. Bg2 Rac8 14. Bc3 Qb5 15. a4 Qc4 16. b3 Qc7 17. Qb2 Nd5 18. Bd2 Qd6 19. Ne5 Nxe5 20. dxe5 Rxc1+ 21. Bxc1 Qc5 22. 0-0 Rc8 23. Bf3 Nc3 24. Kg2 Qb4 25. Bd2 g5 26. g4 Qd4 27. Bxc3 Qxc3 28. Qxc3 Rxc3 29. Rb1 Kg7 30. b4 Bc4 31. Rd1 Rb3 32. Rd7 a6 33. a5 0-1

[Event "Sremski Karlovci Zanos 5"]
[Site "Sremski Karlovci"]
[Date "2021.08.20"]
[Round "6.3"]
[White "Bulajic, Ratko"]
[Black "Popchev, Milko"]
[Result "1/2-1/2"]
[WhiteElo "2248"]
[BlackElo "2248"]
[PlyCount "37"]
[EventDate "2021.08.18"]
[EventType "tourn"]
[EventRounds "10"]
[EventCountry "SRB"]
[EventCategory "1"]
[SourceTitle "EXT 2023"]
[Source "ChessBase"]
[SourceDate "2022.10.05"]
[SourceVersion "1"]
[SourceVersionDate "2022.10.05"]
[SourceQuality "1"]

1. d4 e6 2. c4 f5 3. Nc3 d5 4. Nf3 Nf6 5. Bg5 c6 6. e3 Be7 7. Ne5 Nbd7 8. Nxd7 Bxd7 9. Bd3 0-0 10. Bxf6 Bxf6 11. cxd5 cxd5 12. f4 Rc8 13. 0-0 Qb6 14. Qd2 Rc7 15. Rfc1 Rfc8 16. Ne2 Rxc1+ 17. Rxc1 Rxc1+ 18. Qxc1 Bc6 19. Qc2 1/2-1/2

[Event "Novi Sad TS Mix 156th"]
[Site "Novi Sad"]
[Date "2021.02.09"]
[Round "5"]
[White "Todorovic, Goran M"]
[Black "Bulajic, Ratko"]
[Result "0-1"]
[WhiteElo "2425"]
[BlackElo "2254"]
[PlyCount "68"]
[EventDate "2021.02.06"]
[EventType "swiss"]
[EventRounds "10"]
[EventCountry "SRB"]
[SourceTitle "CBM 200 Extra"]
[Source "ChessBase"]
[SourceDate "2021.03.31"]
[SourceVersion "1"]
[SourceVersionDate "2021.03.31"]
[SourceQuality "1"]

1. e4 c5 2. Nf3 d6 3. d4 cxd4 4. Nxd4 Nf6 5. Nc3 a6 6. Bg5 e6 7. Qf3 Be7 8. 0-0-0 Nbd7 9. Be2 Qc7 10. Qg3 Nc5 11. Be3 Ncxe4 12. Nxe4 Nxe4 13. Qxg7 Bf6 14. Qh6 Qe7 15. f4 Qf8 16. Qh5 Bd7 17. g4 d5 18. Bf3 Nd6 19. f5 0-0-0 20. g5 Nc4 21. Rd3 Be5 22. Bxd5 exd5 23. Qf3 Nxe3 24. Qxe3 Bxd4 25. Qxd4 Qd6 26. Rf1 Bb5 27. Rc3+ Kb8 28. Rf4 Rhe8 29. a4 Re1+ 30. Kd2 Qe7 31. Re3 Re2+ 32. Rxe2 Qxe2+ 33. Kc1 Qe1+ 34. Qd1 Qe3+ 0-1

[Event "Novi Sad TS Mix 156th"]
[Site "Novi Sad"]
[Date "2021.02.08"]
[Round "4"]
[White "Bulajic, Ratko"]
[Black "Debevec, Blaz"]
[Result "1-0"]
[WhiteElo "2254"]
[BlackElo "2149"]
[PlyCount "63"]
[EventDate "2021.02.06"]
[EventType "swiss"]
[EventRounds "10"]
[EventCountry "SRB"]
[SourceTitle "CBM 200 Extra"]
[Source "ChessBase"]
[SourceDate "2021.03.31"]
[SourceVersion "1"]
[SourceVersionDate "2021.03.31"]
[SourceQuality "1"]

1. d4 Nf6 2. c4 g6 3. g3 Bg7 4. Bg2 0-0 5. Nc3 d6 6. Nf3 Nc6 7. 0-0 a6 8. h3 Bd7 9. d5 Na5 10. Qd3 c5 11. dxc6 Nxc6 12. e4 Rc8 13. Bd2 Na5 14. b3 b5 15. cxb5 axb5 16. Rac1 Qb6 17. Bg5 e6 18. e5 Rxc3 19. Qxc3 Nd5 20. Qe1 dxe5 21. Nxe5 Bxe5 22. Bxd5 Bxg3 23. Be3 Qb8 24. Bg2 Bh2+ 25. Kh1 Bc7 26. Bh6 Rc8 27. Qd2 Be8 28. Qb4 Bc6 29. Bxc6 Nxc6 30. Rxc6 Qb7 31. Rfc1 Bf4 32. Qxb5 1-0

[Event "Novi Sad TS Mix 156th"]
[Site "Novi Sad"]
[Date "2021.02.06"]
[Round "1"]
[White "Nikitenko, Mihail"]
[Black "Bulajic, Ratko"]
[Result "1-0"]
[WhiteElo "2452"]
[BlackElo "2254"]
[PlyCount "115"]
[EventDate "2021.02.06"]
[EventType "swiss"]
[EventRounds "10"]
[EventCountry "SRB"]
[SourceTitle "CBM 200 Extra"]
[Source "ChessBase"]
[SourceDate "2021.03.31"]
[SourceVersion "1"]
[SourceVersionDate "2021.03.31"]
[SourceQuality "1"]

1. d4 Nf6 2. Bf4 d6 3. Nc3 Nbd7 4. Nf3 c6 5. e4 Qa5 6. Bd3 e5 7. Bg3 g6 8. 0-0 Qc7 9. a4 a5 10. dxe5 dxe5 11. Bc4 Be7 12. Qd2 0-0 13. Qg5 Qd8 14. Qh6 Nh5 15. Rad1 Nxg3 16. hxg3 Bf6 17. Rd6 Qe7 18. Rfd1 Nc5 19. Qe3 Ne6 20. Bxe6 Bxe6 21. Qb6 Rfc8 22. Qc5 Qc7 23. R6d2 Kg7 24. Ne2 b6 25. Qc3 b5 26. Nc1 bxa4 27. Nd3 c5 28. Ndxe5 Ra6 29. Ra1 Re8 30. Rxa4 Ra7 31. b3 Bg4 32. Rd5 Bxf3 33. Rxc5 Qd6 34. gxf3 Bxe5 35. Qe3 Bxg3 36. fxg3 Qxg3+ 37. Kf1 Rd7 38. Rd4 Qh3+ 39. Ke2 Qg2+ 40. Kd3 Ree7 41. Rxd7 Rxd7+ 42. Kc3 h5 43. Kb2 Qd2 44. Qxd2 Rxd2 45. Rxa5 h4 46. Ra1 g5 47. b4 Kf6 48. b5 Ke5 49. Kc3 Rd8 50. Kb4 Kf4 51. c4 Kxf3 52. c5 g4 53. c6 Rc8 54. Kc5 g3 55. b6 g2 56. b7 Rg8 57. c7 h3 58. c8Q 1-0

[Event "Novi Sad TS IM 129th"]
[Site "Novi Sad"]
[Date "2020.02.16"]
[Round "5"]
[White "Bulajic, Ratko"]
[Black "Bozic, Milan"]
[Result "1/2-1/2"]
[WhiteElo "2296"]
[BlackElo "2310"]
[PlyCount "20"]
[EventDate "2020.02.14"]
[EventType "tourn"]
[EventRounds "11"]
[EventCountry "SRB"]
[SourceTitle "CBM 195 Extra"]
[Source "ChessBase"]
[SourceDate "2020.05.31"]
[SourceVersion "1"]
[SourceVersionDate "2020.05.31"]
[SourceQuality "1"]

1. d4 Nf6 2. c4 d6 3. Nf3 Nbd7 4. Nc3 e5 5. e3 c6 6. Qc2 Be7 7. Bd3 a5 8. 0-0 0-0 9. b3 Qc7 10. Bb2 Re8 1/2-1/2

[Event "Novi Sad TS IM 129th"]
[Site "Novi Sad"]
[Date "2020.02.14"]
[Round "1"]
[White "Garv, Gaur"]
[Black "Bulajic, Ratko"]
[Result "1-0"]
[WhiteElo "1888"]
[BlackElo "2296"]
[PlyCount "61"]
[EventDate "2020.02.14"]
[EventType "tourn"]
[EventRounds "11"]
[EventCountry "SRB"]
[SourceTitle "CBM 195 Extra"]
[Source "ChessBase"]
[SourceDate "2020.05.31"]
[SourceVersion "1"]
[SourceVersionDate "2020.05.31"]
[SourceQuality "1"]

1. d4 f5 2. Nf3 Nf6 3. c4 e6 4. g3 Bb4+ 5. Bd2 Bxd2+ 6. Nbxd2 b6 7. Bg2 Bb7 8. 0-0 0-0 9. Qc2 c5 10. d5 exd5 11. Nh4 g6 12. cxd5 d6 13. e4 fxe4 14. Nxe4 Nxd5 15. Nc3 Nb4 16. Qb3+ d5 17. a3 N4c6 18. Bxd5+ Kg7 19. Rad1 Qf6 20. Ne4 Qe7 21. Qc3+ Nd4 22. Rxd4 cxd4 23. Qxd4+ Kh6 24. Bxb7 Qxb7 25. Nf6 Nc6 26. Ng4+ Kg5 27. Qd5+ Kxg4 28. f3+ Kh3 29. Qe6+ Rf5 30. Nxf5 Qc8 31. Qe2 1-0